000
00304nam a22001337a 4500
008
140108t xxu||||| |||| 00| 0 eng d
020
_a
969-35-1910-8
100
_a
Ashfaq Ahmad
_9
561
243
_a
parao talqeen shah
245
_a
Parao
_b
Talqeen shah
246
_a
prao
300
_a
340
942
_2
ddc
_c
BK
999
_c
16832
_d
16832